Editing (Record no. 3937)

MARC details
000 -LEADER
fixed length control field 00374nam a22001577a 4500
005 - DATE AND TIME OF LATEST TRANSACTION
control field 20160625103554.0
008 - FIXED-LENGTH DATA ELEMENTS--GENERAL INFORMATION
fixed length control field 160625b xxu||||| |||| 00| 0 eng d
041 ## - LANGUAGE CODE
Language code of text/sound track or separate title eng
082 ## - DEWEY DECIMAL CLASSIFICATION NUMBER
Item number 9988
100 ## - MAIN ENTRY--AUTHOR NAME
Personal name Ahuja, B.N. and Chhabra, S.S.
245 ## - TITLE STATEMENT
Title Editing
260 ## - PUBLICATION, DISTRIBUTION, ETC. (IMPRINT)
Name of publisher Surjeet Publication
Year of publication 2005
300 ## - PHYSICAL DESCRIPTION
Number of Pages 245
650 ## - SUBJECT ADDED ENTRY--TOPICAL TERM
Topical Term Mass Communication
942 ## - ADDED ENTRY ELEMENTS (KOHA)
Koha item type Books
Holdings
Lost status Damaged status Home library Current library Shelving location Date acquired Cost, normal purchase price Full call number Accession Number Koha item type Collection code
    JRU Library   SHELF-32-F 25/06/2016 150.00 9988 9988 Books  
    JRU Library   SHELF-32-F 25/06/2016 150.00 9988 9989 Books  
    JRU Library JRU Library SHELF-70 M 25/06/2016 150.00 9988 9990 Books MANAGEMENT
    JRU Library   SHELF-32-F 25/06/2016 150.00 9988 9991 Books